00323nam a2200121Ia 4500008004100000020001400041050001500055100001900070245004000089260003500129300002400164650001300188150202s9999 xx 000 0 und d a722140983 aFIC bFIC  aGranger, Bill. 4aThe Zurich numbers /cBill Granger. aLondon :bSphere Books,c1984. a240 pages :c18 cm. aFiction.